| 000 | 00634nam a2200229Ia 4500 | ||
|---|---|---|---|
| 005 | 20250508165029.0 | ||
| 008 | 008 250505s9999 xx 000 0 eng d | ||
| 020 | _a0-8039-5329-1 | ||
| 037 | _aTextual | ||
| 040 |
_aFEDL _beng _cFEDL |
||
| 041 |
_aeng _2eng |
||
| 084 |
_a574, BEC _qFEDL |
||
| 100 |
_aBeckett Brian _9779755 |
||
| 245 | 0 | _aBiology teacher's guide | |
| 260 |
_aOxford, UK _bOxford University Press _c1989 |
||
| 300 | _a64p. | ||
| 365 |
_aGBP _b5.5 |
||
| 546 | _aMACESE | ||
| 700 |
_a Gallagher Rose Marie Ingram Paul and others _9779756 |
||
| 942 |
_cTEXL _h574, BEC |
||
| 999 |
_c1392743 _d1392743 |
||